000 00778nam a2200181Ia 4500
008 151018s9999 xx 000 0 und d
082 _bRBASDV11760
_a891.462
100 _aदिनकर नीलकंठ देशपांडे
245 _aप्रीति मिळेल काहे शेजारी
250 _b1
260 _bवैशाली प्रकाशन मध्यप्रदेश
_c1977
300 _a62
600 _aदिनकर नीलकंठ देशपांडे
630 _aप्रीति मिळेल काहे शेजारी
700 _aदिनकर नीलकंठ देशपांडे
730 _aप्रीति मिळेल काहे शेजारी
942 _cBOOK
999 _c1014102
_d1014099